LEADER 00820nam0 22002891i 450 001 990006289530403321 005 20091110173258.0 035 $a000628953 035 $aFED01000628953 035 $a(Aleph)000628953FED01 035 $a000628953 100 $a20000112g19809999km-y0itay50------ba 101 0 $aita 102 $aIT 105 $ay-------00-yy 200 1 $aConsiglio regionale della Lombardia$eleggi ... 210 $aMilano$cGiuffré$d1980- 215 $av.$d20 cm 676 $a945.2 710 01$aLombardia$c$0292472 801 0$aIT$bUNINA$gRICA$2UNIMARC 901 $aBK 912 $a990006289530403321 951 $aXVIII 1$bv.schedone$eBiblioteca Centrale della Facoltà di Giurisprudenza$fFGBC 959 $aFGBC 996 $aConsiglio regionale della Lombardia$9624063 997 $aUNINA LEADER 01326oam 2200445zu 450 001 9910130685603321 005 20241212220406.0 010 $a9781467312189 010 $a1467312185 035 $a(CKB)3420000000000583 035 $a(SSID)ssj0000752436 035 $a(PQKBManifestationID)12269189 035 $a(PQKBTitleCode)TC0000752436 035 $a(PQKBWorkID)10789427 035 $a(PQKB)11675648 035 $a(NjHacI)993420000000000583 035 $a(EXLCZ)993420000000000583 100 $a20160829d2012 uy 101 0 $aeng 135 $aur||||||||||| 181 $ctxt 182 $cc 183 $acr 200 10$a2012 IEEE VR Workshop on Perceptual Illusions in Virtual Environments 210 31$a[Place of publication not identified]$cIEEE$d2012 215 $a1 online resource 300 $aBibliographic Level Mode of Issuance: Monograph 311 08$a9781467312172 311 08$a1467312177 606 $aPerception$vCongresses 606 $aShared virtual environments$vCongresses 615 0$aPerception 615 0$aShared virtual environments 676 $a612.8 702 $aIEEE Staff 801 0$bPQKB 906 $aPROCEEDING 912 $a9910130685603321 996 $a2012 IEEE VR Workshop on Perceptual Illusions in Virtual Environments$92512174 997 $aUNINA